|
|
|
|
| LEADER |
00000nam0a2200000 4500 |
| 001 |
28253 |
| 005 |
20231101205838.0 |
| 010 |
|
|
|a 5020018279
|
| 035 |
|
|
|a (RuTPU)RU\TPU\book\28509
|
| 035 |
|
|
|a BOOK00028584
|
| 090 |
|
|
|a 28253
|
| 100 |
|
|
|a 20011209d1993 k y0rusy50 ca
|
| 101 |
0 |
|
|a rus
|
| 102 |
|
|
|a RU
|
| 105 |
|
|
|a a z 001zd
|
| 200 |
1 |
|
|a Институт общей и неорганической химии им. Н. С. Курнакова Российской академии наук
|e Исторический очерк
|f Ю. И. Соловьев
|
| 210 |
|
|
|a Москва
|c Наука
|d 1993
|
| 215 |
|
|
|a 190 с.
|c ил.
|
| 320 |
|
|
|a Указ. имен: с. 184-188.
|
| 600 |
|
1 |
|a Курнаков
|g Николай Семенович
|b Н. С.
|c российский физикохимик
|c академик АН СССР
|f 1860 - 1940
|2 stltpui
|3 (RuTPU)RU\TPU\pers\1659
|
| 600 |
|
1 |
|a Уразов
|b Г. Г.
|g Георгий Григорьевич
|c российский химик
|c металлург
|f 1884-1957
|2 stltpush
|3 (RuTPU)RU\TPU\pers\12171
|
| 600 |
|
1 |
|a Черняев
|b И. И.
|g Илья Ильич
|c российский химик
|f 1893-1966
|2 stltpush
|3 (RuTPU)RU\TPU\pers\12172
|
| 606 |
1 |
|
|a Химические институты
|x История
|2 stltpush
|3 (RuTPU)RU\TPU\subj\70589
|9 84808
|
| 610 |
1 |
|
|a химия
|
| 610 |
1 |
|
|a неорганическая химия
|
| 610 |
1 |
|
|a 20 век
|
| 610 |
1 |
|
|a научная деятельность
|
| 610 |
1 |
|
|a биографии
|
| 610 |
1 |
|
|a персоналии
|
| 675 |
|
|
|a 54(09)
|v 3
|
| 700 |
|
1 |
|a Соловьев
|b Ю. И.
|g Юрий Иванович
|
| 801 |
|
0 |
|a RU
|b 63413507
|c 20011209
|g PSBO
|
| 801 |
|
2 |
|a RU
|b 63413507
|c 20140605
|g PSBO
|
| 942 |
|
|
|c BK
|